Labor relations: development, structure, process

Zapisane w:
Opis bibliograficzny
1. autor: Fossum, John A (Autor)
Format: Książka
Język:angielski
Wydane: Dallas Business Publications 1979
Hasła przedmiotowe:
Etykiety: Dodaj etykietę
Nie ma etykietki, Dołącz pierwszą etykiete!

MARC

LEADER 00000nam a2200000 a 4500
001 UCR9544
003 CL-VaPUC
008 980613e19790000US |||||||||||||||||eng|d
082 0 4 |a 658.301  |b FOS  |2 21 
100 0 |a Fossum, John A  |e author  |9 412183 
245 1 0 |a Labor relations: development, structure, process 
300 |a 481 p 
942 |c BK 
945 |d 19980613 00:00:00  |a cmena 
260 |a Dallas  |b Business Publications  |c 1979 
650 0 |a Estructura organizacional   |9 390800 
650 7 |a PLANIFICACION Y CONTROL  |2 CL-VaPUC  |9 412184 
650 0 |a Administración de empresas   |9 260833 
650 0 |a Recursos humanos   |9 228420 
650 0 |a Motivación   |9 315362 
583 |a last modification  |c 19980613 00:00:00  |k Rodrigo Vera 
999 |c 270732  |d 270730 
952 |0 0  |1 0  |4 0  |6 658_301000000000000_FOS_1979  |7 0  |8 P  |9 305127  |a BIBGIM  |b BIBGIM  |d 2019-11-20  |i 1415808  |o 658.301 FOS 1979  |p 1415808  |r 2025-01-15  |w 2019-11-20  |y BK  |k COM